| 000 | 00527nam a2200181Ia 4500 | ||
|---|---|---|---|
| 003 | GCL | ||
| 005 | 20240530104222.0 | ||
| 008 | 140319s9999 xx 000 0 ara d | ||
| 040 |
_aGCL / _cGCL |
||
| 082 | 0 | 4 |
_a415.1 _bز ت |
| 100 | 1 | _aزين كامل الخويسكى | |
| 245 | 1 | 0 |
_aالنحو العربى صياغة جديدة / _cزين كامل الخويسكى |
| 300 | _a339 ص | ||
| 650 | 0 | 4 | _aالنحو |
| 650 | 0 | 4 | _aاللغة العربية |
| 650 | 0 | 4 | _aقواعد اللغة العربية |
| 942 |
_2ddc _cBK |
||
| 999 |
_c45564 _d45564 |
||